[Event "Bled op"]
[Site "Bled"]
[Date "2017.03.10"]
[Round "1"]
[White "Pregarac, Valter"]
[Black "Lazarev, Vladislav"]
[Result "1-0"]
[WhiteElo "2182"]
[BlackElo "1514"]
[PlyCount "71"]
[EventDate "2017.03.10"]
[EventType "swiss"]
[EventRounds "5"]
[EventCountry "SLO"]
[SourceTitle "EXT 2019"]
[Source "ChessBase"]
[SourceDate "2018.10.10"]
[SourceVersion "1"]
[SourceVersionDate "2018.10.10"]
[SourceQuality "1"]

1. Nf3 Nf6 2. c4 c5 3. Nc3 e6 4. g3 b6 5. Bg2 Bb7 6. 0-0 a6 7. b3 Be7 8. Bb2 0-0 9. d4 cxd4 10. Qxd4 Nc6 11. Qd2 Qc7 12. Rac1 Rfd8 13. e4 Rac8 14. Rfd1 Qb8 15. Qe2 d6 16. Nh4 Nd7 17. f4 d5 18. exd5 Bc5+ 19. Kh1 Nd4 20. Qf1 e5 21. Ne4 b5 22. Nxc5 Nxc5 23. fxe5 Ndxb3 24. axb3 Nxb3 25. Rc3 bxc4 26. Rxc4 Na5 27. Rxc8 Bxc8 28. Bc3 Qc7 29. Bxa5 Qxa5 30. Nf5 Qc7 31. d6 Qa5 32. Ne7+ Kh8 33. Nc6 Qb6 34. Nxd8 Qxd8 35. d7 Bxd7 36. Qxf7 1-0

[Event "SLO-ch U16"]
[Site "Ptuj"]
[Date "2017.03.02"]
[Round "8"]
[White "Ocepek, Jan"]
[Black "Lazarev, Vladislav"]
[Result "1-0"]
[WhiteElo "1276"]
[BlackElo "1514"]
[PlyCount "127"]
[EventDate "2017.02.25"]
[EventType "swiss"]
[EventRounds "9"]
[EventCountry "SLO"]
[SourceTitle "CBM 177 Extra"]
[Source "ChessBase"]
[SourceDate "2017.04.27"]
[SourceVersion "1"]
[SourceVersionDate "2017.04.27"]
[SourceQuality "1"]

1. e4 c5 2. Nf3 d6 3. d4 cxd4 4. Nxd4 Nf6 5. Nc3 a6 6. Bc4 e6 7. 0-0 b5 8. Bd3 Bb7 9. a3 Be7 10. Be3 Nbd7 11. f4 Qc7 12. Qe2 Rc8 13. Rad1 Nb6 14. Qf2 Nc4 15. Bxc4 Qxc4 16. e5 Ng4 17. Qg3 Nxe3 18. Qxe3 dxe5 19. fxe5 0-0 20. Kh1 Bxa3 21. Ncxb5 axb5 22. Qxa3 Rcd8 23. Qe3 Qc5 24. Rf4 b4 25. Rg4 Rd5 26. Qh6 g6 27. Rh4 Re8 28. Qxh7+ Kf8 29. Qh8+ Ke7 30. Qf6+ Kd7 31. Qxf7+ Re7 32. Qxg6 Qa7 33. Qg4 Qa6 34. Nb3 Kc7 35. Qc4+ Bc6 36. Rxd5 Qxc4 37. Rxc4 exd5 38. Rxb4 Rxe5 39. h3 Re2 40. Nd4 Re1+ 41. Kh2 Bd7 42. c4 Kd6 43. cxd5 Kxd5 44. Nf3 Rd1 45. h4 Kc5 46. Rf4 Rb1 47. b4+ Rxb4 48. Rxb4 Kxb4 49. h5 Kc5 50. h6 Bf5 51. Ng5 Kd6 52. h7 Bxh7 53. Nxh7 Ke6 54. g4 Kf7 55. Kg3 Ke6 56. Kf4 Kf7 57. Kf5 Kg7 58. Ng5 Kh6 59. Ne6 Kh7 60. Kf6 Kh6 61. g5+ Kh7 62. g6+ Kh8 63. g7+ Kg8 64. Nf4 1-0

[Event "SLO-ch U16"]
[Site "Ptuj"]
[Date "2017.03.01"]
[Round "7"]
[White "Straze, Matija"]
[Black "Lazarev, Vladislav"]
[Result "1-0"]
[WhiteElo "1642"]
[BlackElo "1514"]
[PlyCount "165"]
[EventDate "2017.02.25"]
[EventType "swiss"]
[EventRounds "9"]
[EventCountry "SLO"]
[SourceTitle "CBM 177 Extra"]
[Source "ChessBase"]
[SourceDate "2017.04.27"]
[SourceVersion "1"]
[SourceVersionDate "2017.04.27"]
[SourceQuality "1"]

1. e4 c5 2. c4 d6 3. Nf3 Nf6 4. Nc3 a6 5. d4 cxd4 6. Nxd4 e6 7. Be2 Be7 8. 0-0 Nbd7 9. Be3 Qc7 10. Rc1 0-0 11. f3 b6 12. Qd2 Bb7 13. a3 Rac8 14. Rfd1 Rfd8 15. b4 Qb8 16. Nb3 Qc7 17. Bf2 Ne5 18. Na4 Nfd7 19. Qe3 Qb8 20. Nxb6 Nxb6 21. Qxb6 h5 22. Na5 Rd7 23. Qa7 Qxa7 24. Bxa7 Bxe4 25. fxe4 Rxa7 26. Bxh5 Rac7 27. Be2 Kf8 28. Kf2 Bg5 29. Rc2 Ke7 30. g3 Bf6 31. Rb1 Nd7 32. Nb3 Nb6 33. Na5 Nd7 34. h4 Bd4+ 35. Kg2 Bb6 36. Nb3 Ne5 37. c5 dxc5 38. bxc5 a5 39. Rbc1 a4 40. Nd4 Rxc5 41. Rxc5 Rxc5 42. Rb1 Nc6 43. Nxe6 fxe6 44. Rxb6 Nd4 45. Bd1 Rc3 46. Rb4 e5 47. Rxa4 Rd3 48. Bg4 Nc2 49. Ra7+ Kf6 50. Ra6+ Kf7 51. Be6+ Ke7 52. a4 Rd4 53. Bf5 Rd2+ 54. Kf3 Nd4+ 55. Kg4 Rd3 56. h5 Ra3 57. Kh4 Nf3+ 58. Kh3 Nd4 59. Kg2 Ra2+ 60. Kf1 Ra1+ 61. Kf2 Ra2+ 62. Ke3 Ra3+ 63. Kf2 Rf3+ 64. Kg2 Ra3 65. g4 Ra2+ 66. Kg3 Ra3+ 67. Kh4 Nf3+ 68. Kg3 Nd4+ 69. Kf2 Ra2+ 70. Ke1 Nf3+ 71. Kd1 Nd4 72. Ra7+ Kd6 73. Rxg7 Kc5 74. Rc7+ Kb4 75. h6 Ra1+ 76. Kd2 Ra2+ 77. Ke3 Re2+ 78. Kd3 Rg2 79. h7 Rg3+ 80. Kd2 Rg2+ 81. Ke1 Rh2 82. Rc8 Rh1+ 83. Kf2 1-0

[Event "Novokuznetsk SFO-ch U19"]
[Site "Novokuznetsk"]
[Date "2014.11.08"]
[Round "7"]
[White "Tozhu, Kezhik"]
[Black "Lazarev, Vladislav"]
[Result "0-1"]
[WhiteElo "800"]
[BlackElo "2117"]
[PlyCount "90"]
[EventDate "2014.11.02"]
[EventType "swiss"]
[EventRounds "9"]
[EventCountry "RUS"]
[SourceTitle "CBM 163 Extra"]
[Source "ChessBase"]
[SourceDate "2014.12.23"]
[SourceVersion "1"]
[SourceVersionDate "2014.12.23"]
[SourceQuality "1"]

1. e4 e6 2. d4 d5 3. e5 c5 4. c3 Nc6 5. Nf3 Qb6 6. Be2 cxd4 7. cxd4 Nge7 8. Na3 Nf5 9. Nc2 Bb4+ 10. Kf1 Be7 11. h4 h5 12. g3 Bd7 13. Kg2 g6 14. b3 Rc8 15. Bb2 a5 16. Qd2 Nb4 17. Rhc1 Nxa2 18. Rxa2 Qxb3 19. Qxa5 Rxc2 20. Rxc2 Qxc2 21. Bc3 Qe4 22. Qa8+ Bd8 23. Qxb7 Ba4 24. Bb4 Ne7 25. Bxe7 Bxe7 26. Bb5+ Bxb5 27. Ra8+ Bd8 28. Qc7 0-0 29. Rxd8 Bf1+ 30. Kxf1 Qxf3 31. Rxf8+ Kxf8 32. Qc5+ Kg7 33. Ke1 Qd3 34. Qb6 Qf5 35. Qb2 g5 36. hxg5 Qxg5 37. Qd2 Qg4 38. Qe3 Kg6 39. Qd3+ Kg7 40. Qe3 Qf5 41. Qf4 Qxf4 42. gxf4 Kg6 43. Kf1 Kf5 44. f3 Kxf4 45. Kf2 h4 0-1

[Event "Novokuznetsk SFO-ch U19"]
[Site "Novokuznetsk"]
[Date "2014.11.07"]
[Round "6"]
[White "Lazarev, Vladislav"]
[Black "Anikonov, Dmitry"]
[Result "0-1"]
[WhiteElo "2117"]
[BlackElo "2118"]
[PlyCount "118"]
[EventDate "2014.11.02"]
[EventType "swiss"]
[EventRounds "9"]
[EventCountry "RUS"]
[SourceTitle "CBM 163 Extra"]
[Source "ChessBase"]
[SourceDate "2014.12.23"]
[SourceVersion "1"]
[SourceVersionDate "2014.12.23"]
[SourceQuality "1"]

1. d4 Nc6 2. Nf3 d6 3. d5 Ne5 4. Nxe5 dxe5 5. e4 Nf6 6. Bd3 e6 7. c4 h6 8. 0-0 Bc5 9. Nd2 0-0 10. Nb3 Be7 11. h3 Bd7 12. Qe2 c6 13. f4 exd5 14. exd5 exf4 15. Bxf4 cxd5 16. cxd5 Ba4 17. Rad1 Bxb3 18. axb3 Bd6 19. Kh1 Bxf4 20. Rxf4 Re8 21. Qf2 Qd6 22. Rf5 a6 23. Qd4 Re7 24. Kg1 Rae8 25. Rdf1 Re5 26. b4 Rxd5 27. Rxd5 Qxd5 28. Qxd5 Nxd5 29. Bc4 Nf6 30. b5 Re4 31. b3 axb5 32. Bxb5 Rb4 33. Bc4 b5 34. Be2 Rxb3 35. Rf5 b4 36. Rb5 g6 37. Rb7 Ne4 38. Bc4 Rb1+ 39. Kh2 Nd6 40. Rb8+ Kg7 41. Ba2 Rb2 42. Bd5 Kf6 43. Rb6 Ke5 44. Bf3 h5 45. h4 Nf5 46. Kh3 Rb1 47. g3 b3 48. Rb4 Nd4 49. Bb7 Rc1 50. Ba6 Rc3 51. Bb7 Nf5 52. Rb5+ Kf6 53. Bd5 Rxg3+ 54. Kh2 Rg4 55. Rb6+ Kg7 56. Rb7 Rxh4+ 57. Kg1 Nd6 58. Bxb3 Rf4 59. Rd7 Rf6 0-1

[Event "Novokuznetsk SFO-ch U19"]
[Site "Novokuznetsk"]
[Date "2014.11.06"]
[Round "5"]
[White "Labutin, Danila"]
[Black "Lazarev, Vladislav"]
[Result "0-1"]
[WhiteElo "2144"]
[BlackElo "2117"]
[PlyCount "104"]
[EventDate "2014.11.02"]
[EventType "swiss"]
[EventRounds "9"]
[EventCountry "RUS"]
[SourceTitle "CBM 163 Extra"]
[Source "ChessBase"]
[SourceDate "2014.12.23"]
[SourceVersion "1"]
[SourceVersionDate "2014.12.23"]
[SourceQuality "1"]

1. e4 e6 2. d4 d5 3. Nc3 Bb4 4. e5 c5 5. a3 Bxc3+ 6. bxc3 Qc7 7. Qg4 f5 8. Qg3 Ne7 9. Qxg7 Rg8 10. Qxh7 cxd4 11. Ne2 Nbc6 12. f4 Bd7 13. Qh5+ Ng6 14. Qf3 dxc3 15. Qxc3 Rc8 16. Be3 Qd8 17. Qd2 Na5 18. Nd4 Kf7 19. Bd3 Nc4 20. Bxc4 Rxc4 21. 0-0 b6 22. Kh1 Rh8 23. g4 Ne7 24. gxf5 Nxf5 25. Nxf5 exf5 26. e6+ Bxe6 27. Bd4 Rh7 28. c3 Bd7 29. Rg1 Rc6 30. Rg2 Re6 31. Rag1 Ke7 32. Rg7+ Rxg7 33. Rxg7+ Kd6 34. c4 Kc7 35. Be5+ Kc8 36. cxd5 Rc6 37. Kg1 Rc5 38. Qd3 Rc1+ 39. Kg2 b5 40. Qd2 Rc4 41. Rg3 Kb7 42. Rg7 Kc8 43. Rg6 Bc6 44. Rd6 Qg8+ 45. Kf2 Bd7 46. Rh6 Kb7 47. a4 Rxa4 48. Rh8 Qg6 49. Rb8+ Ka6 50. Bd4 Qd6 51. Ra8 Kb7 52. Rd8 Qxd5 0-1

[Event "RUS-chT U20"]
[Site "Kolomna"]
[Date "2014.08.09"]
[Round "8"]
[White "Lazarev, Vladislav"]
[Black "German, Nikita"]
[Result "1-0"]
[WhiteElo "2145"]
[BlackElo "1922"]
[PlyCount "95"]
[EventDate "2014.08.02"]
[EventType "swiss"]
[EventRounds "9"]
[EventCountry "RUS"]
[SourceTitle "EXT 2016"]
[Source "ChessBase"]
[SourceDate "2015.10.08"]
[SourceVersion "1"]
[SourceVersionDate "2015.10.08"]
[SourceQuality "1"]

1. d4 Nf6 2. c4 g6 3. f3 Bg7 4. e4 d6 5. Be3 0-0 6. Nc3 Nc6 7. Nge2 a6 8. Rc1 Rb8 9. Qd2 Bd7 10. Ng3 e5 11. d5 Nd4 12. Nce2 Nxe2 13. Bxe2 h5 14. 0-0 h4 15. Nh1 Nh5 16. Bg5 Bf6 17. Bxf6 Qxf6 18. Nf2 Nf4 19. Nd3 g5 20. g4 hxg3 21. hxg3 Nxe2+ 22. Qxe2 Qg6 23. g4 f6 24. Kg2 Kg7 25. Rh1 Rh8 26. Nf2 Rh4 27. Rxh4 gxh4 28. Kh2 Qg5 29. Nd3 Kf7 30. Rc2 Rg8 31. Qd2 Qg6 32. c5 Rc8 33. Qc1 Qg5 34. cxd6 Qxc1 35. Rxc1 cxd6 36. Rxc8 Bxc8 37. Kh3 Bd7 38. Kxh4 Bb5 39. Ne1 Kg6 40. Ng2 Bd3 41. Ne3 Be2 42. Kg3 Bb5 43. Nf5 Bd7 44. Nxd6 b5 45. b4 Kg5 46. Nb7 Bc8 47. Nc5 Kg6 48. d6 1-0

[Event "Novosibirsk U16"]
[Site "Novosibirsk"]
[Date "2010.10.01"]
[Round "5"]
[White "Lazarev, Vladislav"]
[Black "Antonenko, Vladimir Georgievic"]
[Result "0-1"]
[WhiteElo "2045"]
[BlackElo "1933"]
[PlyCount "82"]
[EventDate "2010.09.26"]
[EventType "swiss"]
[EventRounds "7"]
[EventCountry "RUS"]
[SourceTitle "EXT 2022"]
[Source "ChessBase"]
[SourceDate "2021.10.06"]
[SourceVersion "1"]
[SourceVersionDate "2021.10.06"]
[SourceQuality "1"]

1. d4 Nf6 2. c4 d5 3. cxd5 Nxd5 4. e4 Nf6 5. Nc3 e5 6. dxe5 Qxd1+ 7. Kxd1 Ng4 8. Ke1 Bc5 9. Nh3 Nxe5 10. Nf4 c6 11. Nd3 Nxd3+ 12. Bxd3 Be6 13. Ke2 Nd7 14. Be3 0-0-0 15. f4 Bg4+ 16. Kf2 Bxe3+ 17. Kxe3 g5 18. g3 Nc5 19. Bc2 gxf4+ 20. gxf4 Ne6 21. h3 Nd4 22. Bd1 Be6 23. Rh2 Rhg8 24. f5 Bc4 25. Bg4 f6 26. Rd1 c5 27. b4 h5 28. bxc5 hxg4 29. Rxd4 Rxd4 30. Kxd4 g3 31. Rg2 Bf1 32. Rg1 g2 33. Nd5 Rh8 34. Nf4 Rg8 35. Ke3 Rg3+ 36. Kf2 Ra3 37. Nxg2 Bxg2 38. Rxg2 Rxa2+ 39. Kf3 Rxg2 40. Kxg2 a5 41. h4 Kd7 0-1

[Event "Novosibirsk U16"]
[Site "Novosibirsk"]
[Date "2010.09.29"]
[Round "3"]
[White "Ershov, Kirill"]
[Black "Lazarev, Vladislav"]
[Result "1/2-1/2"]
[WhiteElo "1866"]
[BlackElo "2045"]
[PlyCount "42"]
[EventDate "2010.09.26"]
[EventType "swiss"]
[EventRounds "7"]
[EventCountry "RUS"]
[SourceTitle "EXT 2022"]
[Source "ChessBase"]
[SourceDate "2021.10.06"]
[SourceVersion "1"]
[SourceVersionDate "2021.10.06"]
[SourceQuality "1"]

1. e4 g6 2. d4 d6 3. Nc3 Bg7 4. Nf3 Nf6 5. Bg5 h6 6. Be3 0-0 7. Qd2 c6 8. Bxh6 Qc7 9. Bxg7 Kxg7 10. Bd3 e5 11. dxe5 dxe5 12. Qg5 Nbd7 13. h4 Rh8 14. g4 Nc5 15. h5 Nxg4 16. 0-0-0 Rh6 17. hxg6 Rxg6 18. Qh4 Be6 19. Qh7+ Kf6 20. Qh4+ Kg7 21. Qh7+ Kf6 1/2-1/2

[Event "Novosibirsk U16"]
[Site "Novosibirsk"]
[Date "2010.09.29"]
[Round "4"]
[White "Gubsky, Egor"]
[Black "Lazarev, Vladislav"]
[Result "1/2-1/2"]
[WhiteElo "1994"]
[BlackElo "2045"]
[PlyCount "125"]
[EventDate "2010.09.26"]
[EventType "swiss"]
[EventRounds "7"]
[EventCountry "RUS"]
[SourceTitle "EXT 2022"]
[Source "ChessBase"]
[SourceDate "2021.10.06"]
[SourceVersion "1"]
[SourceVersionDate "2021.10.06"]
[SourceQuality "1"]

1. d4 d5 2. c4 c6 3. cxd5 cxd5 4. Nc3 Nf6 5. Nf3 Nc6 6. Bf4 Bf5 7. e3 a6 8. Rc1 e6 9. Qb3 Bb4 10. a3 Bxc3+ 11. Rxc3 Qd7 12. Ne5 Nxe5 13. Bxe5 Rc8 14. Qb4 Ne4 15. Rxc8+ Qxc8 16. Qa4+ b5 17. Qd1 f6 18. Bf4 g5 19. Bg3 h5 20. f3 Nxg3 21. hxg3 Kf7 22. Be2 Kg7 23. f4 h4 24. gxh4 gxh4 25. Kf2 Qg8 26. Qc1 Qc8 27. Qd2 Be4 28. Rc1 Qe8 29. Bd3 Qg6 30. Rc7+ Kh6 31. Bxe4 Qxe4 32. Qc2 Qxc2+ 33. Rxc2 Kg6 34. Rc6 Kf5 35. Rxa6 h3 36. gxh3 Rxh3 37. b4 Rh2+ 38. Kf3 Ra2 39. Ra5 Ra1 40. Rxb5 Rxa3 41. Rb8 Rb3 42. b5 Rb4 43. b6 Rb2 44. b7 Rb3 45. Ke2 Ke4 46. Kd2 Rb6 47. Re8 Rxb7 48. Rxe6+ Kf5 49. Rd6 Rb5 50. Ke2 Ke4 51. Re6+ Kf5 52. Re7 Rb6 53. Kf3 Rd6 54. e4+ dxe4+ 55. Rxe4 Rd5 56. Ke3 Ra5 57. Re8 Ra3+ 58. Ke2 Kxf4 59. d5 Ra5 60. d6 Rd5 61. Rd8 Ke5 62. d7 Ke6 63. Kf3 1/2-1/2